|
|
|
|
| LEADER |
00000naa2a2200000 4500 |
| 001 |
615176 |
| 005 |
20231101132839.0 |
| 035 |
|
|
|a (RuTPU)RU\TPU\conf\13375
|
| 035 |
|
|
|a RU\TPU\conf\13374
|
| 090 |
|
|
|a 615176
|
| 100 |
|
|
|a 20151028d2015 k y0rusy50 ca
|
| 101 |
0 |
|
|a rus
|
| 102 |
|
|
|a RU
|
| 105 |
|
|
|a y z 101zy
|
| 135 |
|
|
|a drcn ---uucaa
|
| 181 |
|
0 |
|a i
|
| 182 |
|
0 |
|a b
|
| 200 |
1 |
|
|a Устойчивость пары взаимодействующих ионов при ускорении и транспортировке
|f В. И. Шаманин
|g науч. рук. Г. Е. Ремнев
|
| 203 |
|
|
|a Текст
|c электронный
|
| 225 |
1 |
|
|a Селекция веществ оптическими, электромагнитными, ИЦР, лазерными и плазменными методами. диагностика и методы анализа веществ и примесей
|
| 230 |
|
|
|a 1 компьютерный файл (pdf; 358 Кb)
|
| 300 |
|
|
|a Заглавие с титульного экрана
|
| 337 |
|
|
|a Adobe Reader
|
| 463 |
|
0 |
|0 (RuTPU)RU\TPU\conf\13159
|t Изотопы: технологии, материалы и применение
|o материалы II Международной научной конференции молодых ученых, аспирантов и студентов, г.Томск, 19-23 октября 2015 г.
|f Национальный исследовательский Томский политехнический университет (ТПУ)
|v [С. 29]
|d 2015
|
| 610 |
1 |
|
|a труды учёных ТПУ
|
| 610 |
1 |
|
|a электронный ресурс
|
| 610 |
1 |
|
|a ионы
|
| 610 |
1 |
|
|a ускорение
|
| 610 |
1 |
|
|a транспортировка
|
| 700 |
|
1 |
|a Шаманин
|b В. И.
|c физик
|c инженер Томского политехнического университета
|f 1989-
|g Виталий Игоревич
|2 stltpush
|3 (RuTPU)RU\TPU\pers\35455
|
| 702 |
|
1 |
|a Ремнев
|b Г. Е.
|c физик
|c профессор Томского политехнического университета, доктор технических наук
|f 1948-
|g Геннадий Ефимович
|2 stltpush
|4 727
|
| 712 |
0 |
2 |
|a Национальный исследовательский Томский политехнический университет (ТПУ)
|b Институт физики высоких технологий (ИФВТ)
|b Лаборатория № 1
|h 6378
|2 stltpush
|3 (RuTPU)RU\TPU\col\19035
|
| 712 |
0 |
2 |
|a Национальный исследовательский Томский политехнический университет (ТПУ)
|b Физико-технический институт (ФТИ)
|b Кафедра теоретической и экспериментальной физики (ТиЭФ)
|b Центр технологий (ЦТ)
|h 408
|2 stltpush
|3 (RuTPU)RU\TPU\col\20620
|
| 801 |
|
2 |
|a RU
|b 63413507
|c 20210217
|g RCR
|
| 856 |
4 |
|
|u http://earchive.tpu.ru/handle/11683/22414
|
| 856 |
4 |
|
|u http://www.lib.tpu.ru/fulltext/c/2015/C84/016.pdf
|
| 942 |
|
|
|c BK
|